Introducción al Foro /

সংরক্ষণ করুন:
গ্রন্থ-পঞ্জীর বিবরন
প্রধান লেখক: Salomón, Leticia
বিন্যাস: পাঠ‍্য
বিষয়গুলি:
ট্যাগগুলো: ট্যাগ যুক্ত করুন
কোনো ট্যাগ নেই, প্রথমজন হিসাবে ট্যাগ করুন!

MARC

LEADER 00000 a a2200000 04500
001 4978
003
040
100 |a Salomón, Leticia  
245 |a Introducción al Foro /  |c Leticia Salomón  
500 |a Asociación de Jefes de Policía de Centroamérica 
650 |a PREVENCION DEL DELITO  
650 |a POLICIA  
650 |a DELINCUENCIA  
650 |a DELITOS  
650 |a POLITICA DE SEGURIDAD NACIONAL  
650 |a INTERVENCION DEL ESTADO  
650 |a FUNCION PUBLICA  
650 |a SOCIEDAD CIVIL  
650 |a JUSTICIA SOCIAL  
650 |a REFORMA POLITICA  
650 |a PROBLEMAS SOCIALES  
650 |a POBREZA  
773 |g número 36; páginas 5-6  
999 |c 40127  |d 40127